[Event "CZE-ch Amateurs 2022"]
[Site "Luhacovice"]
[Date "2022.03.14"]
[Round "4.20"]
[White "Kovalskyi, Roman"]
[Black "Navratilik, Pavel"]
[Result "1/2-1/2"]
[WhiteElo "1815"]
[BlackElo "2082"]
[Annotator "ChessBase"]
[PlyCount "83"]
[EventDate "2022.03.12"]
[EventType "swiss"]
[EventCountry "CZE"]
[SourceTitle "playchess.com"]
[Source "ChessBase"]
[SourceQuality "1"]
[TimeControl "5400+30"]

1. e4 {[%emt 0:00:04]} c5 {[%emt 0:00:06]} 2. b3 {[%emt 0:00:16]} d5 {[%emt 0:00:49]} 3. exd5 {[%emt 0:00:12]} Qxd5 {[%emt 0:00:30]} 4. Nc3 {[%emt 0:00:08]} Qd8 {[%emt 0:00:57]} 5. Bb2 {[%emt 0:00:11]} Nc6 {[%emt 0:01:11]} 6. Bb5 {[%emt 0:00:49]} Bd7 {[%emt 0:01:47]} 7. Nf3 {[%emt 0:00:55]} Nf6 {[%emt 0:00:32]} 8. Qe2 {[%emt 0:01:52]} e6 {[%emt 0:01:27]} 9. O-O-O {[%emt 0:02:42]} a6 {[%emt 0:03:59]} 10. Bxc6 {[%emt 0:00:59]} Bxc6 {[%emt 0:00:31]} 11. d4 {[%emt 0:00:37]} Be7 {[%emt 0:09:36]} 12. dxc5 {[%emt 0:07:44]} Qc7 {[%emt 0:03:49]} 13. Ne5 {[%emt 0:01:25]} O-O {[%emt 0:01:36]} 14. f3 {[%emt 0:02:51]} Bxc5 {[%emt 0:02:33]} 15. g4 {[%emt 0:01:02]} Rad8 {[%emt 0:10:14]} 16. h4 {[%emt 0:11:22]} Bd4 {[%emt 0:03:43]} 17. Nxc6 {[%emt 0:04:17]} Qxc6 {[%emt 0:01:27]} 18. Ne4 {[%emt 0:00:11]} Bxb2+ {[%emt 0:03:06]} 19. Kxb2 {[%emt 0:00:47]} Nxe4 {[%emt 0:00:42]} 20. fxe4 {[%emt 0:00:32]} Rxd1 {[%emt 0:03:05]} 21. Rxd1 {[%emt 0:00:20]} Rc8 {[%emt 0:00:18]} 22. e5 {[%emt 0:00:51]} h6 {[%emt 0:02:27]} 23. g5 {[%emt 0:01:20]} hxg5 {[%emt 0:01:26]} 24. hxg5 {[%emt 0:00:27]} Qc3+ {[%emt 0:02:01]} 25. Kb1 {[%emt 0:00:11]} Qg3 {[%emt 0:01:25]} 26. Rh1 {[%emt 0:23:26]} Rc5 {[%emt 0:05:17]} 27. Qh5 {[%emt 0:02:56]} Kf8 {[%emt 0:00:24]} 28. Qh8+ {[%emt 0:01:08]} Ke7 {[%emt 0:00:16]} 29. Rd1 {[%emt 0:00:12]} Rd5 {[%emt 0:01:44]} 30. Rxd5 {[%emt 0:00:07]} exd5 {[%emt 0:00:33]} 31. Qxg7 {[%emt 0:00:05]} d4 {[%emt 0:01:18]} 32. Qf6+ {[%emt 0:01:16]} Ke8 {[%emt 0:00:25]} 33. a4 {[%emt 0:00:30]} Qe1+ {[%emt 0:04:26]} 34. Ka2 {[%emt 0:00:22]} Qe4 {[%emt 0:08:23]} 35. Kb2 {[%emt 0:00:44]} Qe3 {[%emt 0:04:11]} 36. Qf5 {[%emt 0:00:43]} Qc3+ {[%emt 0:00:43]} 37. Ka2 {[%emt 0:00:38]} d3 {[%emt 0:00:55]} 38. cxd3 {[%emt 0:05:50]} Qc2+ {[%emt 0:05:46]} 39. Ka3 {[%emt 0:00:09]} a5 {[%emt 0:00:53]} 40. Qf4 {[%emt 0:02:17]} Qc3 {[%emt 0:02:55]} 41. Ka2 {[%emt 0:13:02]} Qc2+ {[%emt 0:00:19]} 42. Ka3 {[%emt 0:00:06]} 1/2-1/2

[Event "CZE-ch Amateurs 2022"]
[Site "Luhacovice"]
[Date "2022.03.15"]
[Round "5.1"]
[White "Zvolensky, David"]
[Black "Lorenc, Tomas"]
[Result "1-0"]
[WhiteElo "2159"]
[BlackElo "2183"]
[Annotator "ChessBase"]
[PlyCount "71"]
[EventDate "2022.03.12"]
[EventType "swiss"]
[EventCountry "CZE"]
[SourceTitle "playchess.com"]
[Source "ChessBase"]
[SourceQuality "1"]
[TimeControl "5400+30"]

1. e4 {[%emt 0:00:04]} d5 {[%emt 0:00:06]} 2. exd5 {[%emt 0:00:22]} Qxd5 {[%emt 0:00:02]} 3. Nc3 {[%emt 0:00:23]} Qa5 {[%emt 0:00:02]} 4. d4 {[%emt 0:00:25]} Nf6 {[%emt 0:00:01]} 5. Nf3 {[%emt 0:00:39]} Bg4 {[%emt 0:00:07]} 6. h3 {[%emt 0:00:23]} Bh5 {[%emt 0:00:02]} 7. g4 {[%emt 0:00:35]} Bg6 {[%emt 0:00:02]} 8. Ne5 {[%emt 0:01:05]} e6 {[%emt 0:00:01]} 9. Nc4 {[%emt 0:00:29]} Qa6 {[%emt 0:03:15]} 10. h4 {[%emt 0:01:42]} Qc6 {[%emt 0:06:05]} 11. Rh3 {[%emt 0:05:30]} Bb4 {[%emt 0:02:53]} 12. h5 {[%emt 0:01:27]} Be4 {[%emt 0:06:39]} 13. Nd2 {[%emt 0:04:07]} Bxc3 {[%emt 0:08:08]} 14. Rxc3 {[%emt 0:00:36]} Qd7 {[%emt 0:02:11]} 15. g5 {[%emt 0:00:38]} Nd5 {[%emt 0:00:15]} 16. Nxe4 {[%emt 0:00:22]} Nxc3 {[%emt 0:00:02]} 17. bxc3 {[%emt 0:00:28]} Qd5 {[%emt 0:12:48]} 18. Qd3 {[%emt 0:03:14]} Nd7 {[%emt 0:01:51]} 19. c4 {[%emt 0:03:16]} Qa5+ {[%emt 0:00:24]} 20. Bd2 {[%emt 0:00:08]} Qa4 {[%emt 0:02:33]} 21. Nc3 {[%emt 0:06:45]} Qc6 {[%emt 0:01:49]} 22. d5 {[%emt 0:01:06]} Qd6 {[%emt 0:00:45]} 23. Qe3 {[%emt 0:04:39]} O-O {[%emt 0:03:37]} 24. Ne4 {[%emt 0:01:08]} Qh2 {[%emt 0:01:57]} 25. O-O-O {[%emt 0:06:19]} Rae8 {[%emt 0:00:45]} 26. dxe6 {[%emt 0:07:41]} Rxe6 {[%emt 0:00:32]} 27. Bc3 {[%emt 0:01:10]} Ne5 {[%emt 0:02:56]} 28. Ng3 {[%emt 0:01:55]} Nc6 {[%emt 0:05:48]} 29. Qf4 {[%emt 0:00:12]} Rfe8 {[%emt 0:03:49]} 30. Bd3 {[%emt 0:02:29]} Ne5 {[%emt 0:03:41]} 31. Bf5 {[%emt 0:00:28]} Rd6 {[%emt 0:03:26]} 32. Bxe5 {[%emt 0:01:35]} Rxd1+ {[%emt 0:00:08]} 33. Kxd1 {[%emt 0:00:01]} Qg1+ {[%emt 0:00:09]} 34. Kd2 {[%emt 0:00:56]} f6 {[%emt 0:01:17]} 35. gxf6 {[%emt 0:01:30]} gxf6 {[%emt 0:00:11]} 36. Bxh7+ {[%emt 0:00:30]} 1-0

[Event "CZE-ch Amateurs 2022"]
[Site "Luhacovice"]
[Date "2022.03.15"]
[Round "5.2"]
[White "Cupek, Martin"]
[Black "Jedlicka, Ales"]
[Result "1/2-1/2"]
[WhiteElo "2108"]
[BlackElo "2223"]
[Annotator "TA"]
[PlyCount "136"]
[EventDate "2022.03.12"]
[EventType "swiss"]
[EventCountry "CZE"]
[SourceTitle "playchess.com"]
[Source "ChessBase"]
[SourceQuality "1"]

{[%evp 16,136,-8,-5,-14,0,10,8,30,27,45,20,11,14,10,4,9,0,24,0,0,0,31,0,-2,0,77,-20,8,9,10,10,13,18,13,0,0,-79,-77,-84,-85,-83,-83,-83,-83,-69,-43,-43,-24,-58,-56,-72,-78,-78,-72,-56,-56,-70,-70,-70,-71,-78,-78,-87,-87,-87,-87,-110,-110,-134,-110,-116,-117,-134,-134,-142,-142,-135,-98,-186,-159,-159,-149,-148,-147,-29969,-29969,-29973,-29975,-29973,-29974,-29966,-135,-135,-135,-135,-135,-135,-135,-135,-135,-135,-135,-135,-135,-135,-135,-135,-133,-133,0,0,0,-133,-133,-133,-133,-133,-133,-133,-8,-8,-8]} 1. e4 c5 2. Nf3 d6 3. g3 Nc6 4. Bg2 Nf6 5. d3 g6 6. O-O Bg7 7. c3 O-O 8. Re1 Rb8 9. d4 cxd4 {A05: Réti Opening: 1 Nf3 Nf6.} 10. Nxd4 Bd7 11. Na3 {[#]} Nxd4 $146 ({Predecessor:} 11... a6 12. Nac2 Qc7 13. Ne3 e6 14. b3 Nxd4 15. cxd4 Bc6 16. Nc4 b5 17. Nd2 Nd7 {0-1 (44) Manukian,L (2345)-Nalbandian,T (2485) Yerevan 1994}) 12. cxd4 Qa5 13. Qd2 (13. Bd2 {with more complications.} Qa6 14. Bb4 Be6 15. Nc2 Rfc8 16. Bc3) 13... Qxd2 14. Bxd2 Rfc8 15. Rac1 Ne8 {[%cal Bf6e8,Be8c7,Bc7a6,Ba6c5,Bc5d3][%mdl 32]} 16. Be3 Nc7 17. f4 Be6 18. d5 Bd7 19. Rc2 ({Much worse is} 19. Bxa7 Ra8 20. Bb6 Bxb2 $1 21. Rxc7 Rxc7 22. Bxc7 Bd4+ 23. Kh1 Rxa3 $17) (19. e5 $5) 19... Na6 20. Rec1 b6 (20... Rxc2 $11 {remains equal.} 21. Rxc2 b6) 21. b3 (21. Rxc8+ $16 Bxc8 22. Nb5) 21... Nc5 22. b4 Nd3 23. Rxc8+ Rxc8 24. Rxc8+ Bxc8 25. Nc2 Bg4 26. Bd4 {[#]} (26. Bf1 $11 Nb2 27. Bd4) 26... Nxb4 $1 $17 27. Bxg7 Nxc2 {[%mdl 4096] Endgame KBB-KBN} 28. Bc3 Be2 29. Kf2 Bc4 30. a4 Bb3 31. a5 b5 {[%cal Bb6b5,Bb5b4,Bb4b3,Bb3c2][%mdl 32]} 32. e5 b4 33. exd6 exd6 (33... bxc3 $2 34. d7 Kg7 35. d8=Q $18) 34. Bd2 Bc4 35. Be4 b3 36. Bxc2 bxc2 $15 {KB-KB} 37. Ke3 Bxd5 38. Kd3 Bb3 39. Kc3 Ba4 40. a6 Kg7 41. Be3 Kf6 42. Kd2 Kf5 43. Bxa7 Bb5 44. Kxc2 Bxa6 45. Bb8 {[#]} d5 $1 {[%cal Bd6d5,Bd5d4][%mdl 32]} 46. Kc3 Ke4 47. g4 (47. Be5 $17) 47... d4+ 48. Kd2 {[#]} h6 $1 {[%cal Bh7h6,Bh6h5,Bh5h4][%mdl 32]} 49. h4 Kf3 {aiming for ...d3.} 50. h5 $2 {[%mdl 8192]} (50. g5 $17 h5 51. Ba7) 50... Kxg4 51. hxg6 fxg6 52. Be5 h5 53. Bxd4 Kxf4 $2 (53... h4 {mates} 54. Bg1 Kg3 55. Ke3 Kg2 56. Bf2 h3 57. Bh4 h2 58. Be7 h1=Q 59. Kd4 Qe1 60. Bf8 Qe8 61. Bb4 Qe6 62. Ba3 Qc4+ 63. Ke5 Qc3+ 64. Kd5 Qxa3 65. f5 Qd3+ 66. Kc6 Qxf5 67. Kd6 Bc4 68. Kc6 Qe5 69. Kb7 Qd6 70. Ka8 Qa6+ 71. Kb8 Qb6+ 72. Kc8 Be6#) 54. Ke1 $17 Kg3 55. Be5+ Kh3 56. Bf6 h4 57. Kf2 Kg4 58. Kg2 Bb7+ 59. Kf2 g5 {[%cal Bg6g5,Bg5g4][%mdl 32]} 60. Be7 Kh5 61. Bd8 g4 {( -> ...g3+)} 62. Bc7 Kg5 (62... Bc6 $17) 63. Bd8+ $11 Kh5 (63... Kf5 $11 64. Bxh4 Bh1) 64. Bc7 $17 Kg6 65. Bd6 Kf5 66. Bc7 Ba8 67. Bd6 Ke4 ({Better is} 67... Be4 $17) 68. Bc7 Bb7 {And White is the lucky defender.  Weighted Error Value: White=0.27 (precise) /Black=0.24 (precise)} 1/2-1/2

[Event "CZE-ch Amateurs 2022"]
[Site "Luhacovice"]
[Date "2022.03.15"]
[Round "5.3"]
[White "Toman, Jan"]
[Black "Jun, Rudolf"]
[Result "1/2-1/2"]
[WhiteElo "2127"]
[BlackElo "2215"]
[Annotator "ChessBase"]
[PlyCount "54"]
[EventDate "2022.03.12"]
[EventType "swiss"]
[EventCountry "CZE"]
[SourceTitle "playchess.com"]
[Source "ChessBase"]
[SourceQuality "1"]
[TimeControl "5400+30"]

1. d4 {[%emt 0:00:06]} Nf6 {[%emt 0:00:09]} 2. c4 {[%emt 0:00:19]} e6 {[%emt 0:00:08]} 3. Nc3 {[%emt 0:00:15]} Bb4 {[%emt 0:00:16]} 4. e3 {[%emt 0:00:13]} c5 {[%emt 0:01:23]} 5. Nge2 {[%emt 0:01:31]} O-O {[%emt 0:08:54]} 6. a3 {[%emt 0:05:11]} Bxc3+ {[%emt 0:03:03]} 7. Nxc3 {[%emt 0:00:35]} b6 {[%emt 0:01:57]} 8. d5 {[%emt 0:04:08]} d6 {[%emt 0:05:38]} 9. Be2 {[%emt 0:02:26]} e5 {[%emt 0:01:36]} 10. e4 {[%emt 0:08:15]} a6 {[%emt 0:01:40]} 11. O-O {[%emt 0:00:42]} Ne8 {[%emt 0:04:52]} 12. f4 {[%emt 0:04:45]} exf4 {[%emt 0:00:45]} 13. Bxf4 {[%emt 0:01:32]} Nd7 {[%emt 0:00:40]} 14. Qe1 {[%emt 0:04:25]} Ne5 {[%emt 0:04:48]} 15. Qg3 {[%emt 0:02:26]} Qe7 {[%emt 0:02:11]} 16. Rad1 {[%emt 0:09:46]} f6 {[%emt 0:00:28]} 17. b4 {[%emt 0:07:23]} cxb4 {[%emt 0:10:49]} 18. axb4 {[%emt 0:00:09]} Bd7 {[%emt 0:03:30]} 19. Qf2 {[%emt 0:03:40]} g5 {[%emt 0:03:12]} 20. Bd2 {[%emt 0:09:08]} Rc8 {[%emt 0:08:23]} 21. Qxb6 {[%emt 0:12:45]} Nxc4 {[%emt 0:00:07]} 22. Bxc4 {[%emt 0:00:09]} Rxc4 {[%emt 0:00:06]} 23. Qxa6 {[%emt 0:00:32]} Rxb4 {[%emt 0:00:35]} 24. Qa5 {[%emt 0:01:12]} Rc4 {[%emt 0:05:23]} 25. Qa6 {[%emt 0:01:31]} Rb4 {[%emt 0:00:27]} 26. Qa5 {[%emt 0:00:20]} Rc4 {[%emt 0:00:10]} 27. Qa6 {[%emt 0:01:34]} Rb4 {[%emt 0:05:56]} 1/2-1/2

[Event "CZE-ch Amateurs 2022"]
[Site "Luhacovice"]
[Date "2022.03.15"]
[Round "5.4"]
[White "Benes, Miroslav"]
[Black "Kratochvil, Josef"]
[Result "1/2-1/2"]
[WhiteElo "1929"]
[BlackElo "2200"]
[Annotator "ChessBase"]
[PlyCount "29"]
[EventDate "2022.03.12"]
[EventType "swiss"]
[EventCountry "CZE"]
[SourceTitle "playchess.com"]
[Source "ChessBase"]
[SourceQuality "1"]
[TimeControl "5400+30"]

1. e4 {[%emt 1:31:00]} e5 {[%emt 1:31:00]} 2. Nf3 {[%emt 0:00:30]} Nc6 {[%emt 0:00:30]} 3. Bb5 {[%emt 0:00:30]} a6 {[%emt 0:00:30]} 4. Ba4 {[%emt 0:00:30]} Nf6 {[%emt 0:00:30]} 5. O-O {[%emt 0:00:30]} Be7 {[%emt 0:00:30]} 6. Re1 {[%emt 0:00:30]} b5 {[%emt 0:00:30]} 7. Bb3 {[%emt 0:00:30]} d6 {[%emt 0:00:30]} 8. c3 {[%emt 0:00:30]} O-O {[%emt 0:00:30]} 9. h3 {[%emt 0:00:30]} Na5 {[%emt 0:00:30]} 10. Bc2 {[%emt 0:00:30]} c5 {[%emt 0:00:30]} 11. d4 {[%emt 0:00:30]} Qc7 {[%emt 0:00:30]} 12. Nbd2 {[%emt 0:00:30]} cxd4 {[%emt 0:00:30]} 13. cxd4 {[%emt 0:00:30]} Nc6 {[%emt 0:00:30]} 14. dxe5 {[%emt 0:00:30]} dxe5 {[%emt 0:00:30]} 15. Nf1 {[%emt 0:00:30]} 1/2-1/2

[Event "CZE-ch Amateurs 2022"]
[Site "Luhacovice"]
[Date "2022.03.15"]
[Round "5.5"]
[White "Mudrak, Josef"]
[Black "Slepov, Kyryl"]
[Result "1/2-1/2"]
[WhiteElo "2219"]
[BlackElo "2064"]
[Annotator "ChessBase"]
[PlyCount "37"]
[EventDate "2022.03.12"]
[EventType "swiss"]
[EventCountry "CZE"]
[SourceTitle "playchess.com"]
[Source "ChessBase"]
[SourceQuality "1"]
[TimeControl "5400+30"]

1. d4 {[%emt 0:00:04]} Nf6 {[%emt 0:00:16]} 2. Nf3 {[%emt 0:00:53]} d5 {[%emt 0:00:18]} 3. g3 {[%emt 0:00:18]} e6 {[%emt 0:00:10]} 4. Bg2 {[%emt 0:00:17]} Be7 {[%emt 0:00:11]} 5. O-O {[%emt 0:00:34]} b5 {[%emt 0:00:47]} 6. Ne5 {[%emt 0:05:51]} Bb7 {[%emt 0:00:25]} 7. Nd3 {[%emt 0:03:30]} Nbd7 {[%emt 0:00:58]} 8. b4 {[%emt 0:02:45]} a5 {[%emt 0:00:41]} 9. c3 {[%emt 0:00:27]} O-O {[%emt 0:00:46]} 10. Nd2 {[%emt 0:03:25]} Ne4 {[%emt 0:02:53]} 11. Qc2 {[%emt 0:01:15]} Nxd2 {[%emt 0:01:11]} 12. Bxd2 {[%emt 0:00:10]} Nb6 {[%emt 0:00:16]} 13. Nc5 {[%emt 0:02:17]} Bc6 {[%emt 0:00:29]} 14. e4 {[%emt 0:10:44]} dxe4 {[%emt 0:02:51]} 15. Nxe4 {[%emt 0:07:00]} Bd5 {[%emt 0:00:48]} 16. h4 {[%emt 0:01:53]} Nc4 {[%emt 0:03:22]} 17. Bg5 {[%emt 0:09:32]} f6 {[%emt 0:02:42]} 18. Bd2 {[%emt 0:01:06]} Ra7 {[%emt 0:01:28]} 19. Rfe1 {[%emt 0:06:01]} 1/2-1/2

[Event "CZE-ch Amateurs 2022"]
[Site "Luhacovice"]
[Date "2022.03.15"]
[Round "5.6"]
[White "Sremanak, Slavomir"]
[Black "Pilch, Roman"]
[Result "1/2-1/2"]
[WhiteElo "2187"]
[BlackElo "2136"]
[Annotator "ChessBase"]
[PlyCount "76"]
[EventDate "2022.03.12"]
[EventType "swiss"]
[EventCountry "CZE"]
[SourceTitle "playchess.com"]
[Source "ChessBase"]
[SourceQuality "1"]
[TimeControl "5400+30"]

1. d4 {[%emt 0:00:04]} Nf6 {[%emt 0:00:21]} 2. Nc3 {[%emt 0:01:04]} c5 {[%emt 0:02:14]} 3. d5 {[%emt 0:00:11]} d6 {[%emt 0:00:51]} 4. e4 {[%emt 0:00:12]} g6 {[%emt 0:00:30]} 5. h3 {[%emt 0:00:11]} Bg7 {[%emt 0:00:10]} 6. Nf3 {[%emt 0:00:06]} Na6 {[%emt 0:00:57]} 7. Be2 {[%emt 0:00:20]} Nc7 {[%emt 0:00:24]} 8. a4 {[%emt 0:02:33]} O-O {[%emt 0:01:36]} 9. O-O {[%emt 0:00:07]} b6 {[%emt 0:01:21]} 10. Nd2 {[%emt 0:06:42]} Rb8 {[%emt 0:02:02]} 11. f4 {[%emt 0:12:10]} a6 {[%emt 0:08:14]} 12. Nc4 {[%emt 0:06:34]} Bd7 {[%emt 0:01:00]} 13. e5 {[%emt 0:02:02]} Nfe8 {[%emt 0:01:06]} 14. exd6 {[%emt 0:02:03]} exd6 {[%emt 0:02:22]} 15. Ne4 {[%emt 0:05:15]} Bf5 {[%emt 0:03:28]} 16. Ng3 {[%emt 0:00:20]} Bd7 {[%emt 0:00:19]} 17. c3 {[%emt 0:02:58]} b5 {[%emt 0:01:09]} 18. axb5 {[%emt 0:00:22]} axb5 {[%emt 0:00:20]} 19. Ne3 {[%emt 0:00:09]} f5 {[%emt 0:02:25]} 20. c4 {[%emt 0:04:18]} Ra8 {[%emt 0:01:57]} 21. Rb1 {[%emt 0:02:44]} b4 {[%emt 0:00:54]} 22. Bd3 {[%emt 0:02:39]} Qh4 {[%emt 0:03:34]} 23. Ne2 {[%emt 0:09:24]} Nf6 {[%emt 0:01:13]} 24. Qe1 {[%emt 0:02:03]} Qxe1 {[%emt 0:00:53]} 25. Rxe1 {[%emt 0:00:03]} Rfe8 {[%emt 0:00:43]} 26. Kf2 {[%emt 0:06:07]} h5 {[%emt 0:09:04]} 27. Kf3 {[%emt 0:02:20]} Kf7 {[%emt 0:02:12]} 28. Rg1 {[%emt 0:00:20]} Ra2 {[%emt 0:02:47]} 29. g3 {[%emt 0:03:48]} Re7 {[%emt 0:03:13]} 30. Nd1 {[%emt 0:03:25]} Ne4 {[%emt 0:08:51]} 31. Be3 {[%emt 0:00:53]} Ne8 {[%emt 0:00:54]} 32. Nc1 {[%emt 0:01:25]} Ra8 {[%emt 0:00:52]} 33. Nb3 {[%emt 0:06:28]} N8f6 {[%emt 0:01:35]} 34. Nf2 {[%emt 0:02:20]} Ba4 {[%emt 0:02:08]} 35. Nd2 {[%emt 0:00:35]} Nxd2+ {[%emt 0:04:23]} 36. Bxd2 {[%emt 0:00:05]} Bd7 {[%emt 0:00:38]} 37. Rge1 {[%emt 0:02:18]} Rxe1 {[%emt 0:01:50]} 38. Bxe1 {[%emt 0:00:07]} Ra2 {[%emt 0:02:01]} 1/2-1/2

[Event "CZE-ch Amateurs 2022"]
[Site "Luhacovice"]
[Date "2022.03.15"]
[Round "5.7"]
[White "Kapusta, Petr"]
[Black "Buchcar, Tomas"]
[Result "0-1"]
[WhiteElo "2105"]
[BlackElo "2121"]
[Annotator "ChessBase"]
[PlyCount "112"]
[EventDate "2022.03.12"]
[EventType "swiss"]
[EventCountry "CZE"]
[SourceTitle "playchess.com"]
[Source "ChessBase"]
[SourceQuality "1"]
[TimeControl "5400+30"]

1. e4 {[%emt 0:06:00]} c6 {[%emt 0:00:05]} 2. Nc3 {[%emt 0:00:15]} d5 {[%emt 0:00:25]} 3. Nf3 {[%emt 0:00:11]} Bg4 {[%emt 0:00:06]} 4. h3 {[%emt 0:01:29]} Bxf3 {[%emt 0:00:05]} 5. Qxf3 {[%emt 0:00:10]} e6 {[%emt 0:00:06]} 6. exd5 {[%emt 0:04:34]} cxd5 {[%emt 0:00:06]} 7. Bb5+ {[%emt 0:00:37]} Nc6 {[%emt 0:00:12]} 8. O-O {[%emt 0:00:29]} Nf6 {[%emt 0:00:57]} 9. b3 {[%emt 0:05:00]} Be7 {[%emt 0:01:07]} 10. Bb2 {[%emt 0:01:14]} O-O {[%emt 0:00:13]} 11. Bxc6 {[%emt 0:08:20]} bxc6 {[%emt 0:00:39]} 12. Ne2 {[%emt 0:00:09]} Nd7 {[%emt 0:00:57]} 13. d4 {[%emt 0:15:47]} Qb6 {[%emt 0:02:36]} 14. Nf4 {[%emt 0:01:31]} Bf6 {[%emt 0:04:56]} 15. Rad1 {[%emt 0:01:56]} Qa6 {[%emt 0:04:07]} 16. a4 {[%emt 0:02:09]} g6 {[%emt 0:05:37]} 17. Rfe1 {[%emt 0:06:32]} Bg7 {[%emt 0:00:53]} 18. h4 {[%emt 0:04:14]} Rac8 {[%emt 0:04:57]} 19. h5 {[%emt 0:00:55]} c5 {[%emt 0:00:54]} 20. hxg6 {[%emt 0:02:39]} hxg6 {[%emt 0:00:15]} 21. Qh3 {[%emt 0:01:27]} Rfd8 {[%emt 0:07:55]} 22. Nxe6 {[%emt 0:22:24]} fxe6 {[%emt 0:00:10]} 23. Rxe6 {[%emt 0:00:06]} Rc6 {[%emt 0:00:12]} 24. Re7 {[%emt 0:01:16]} Nf8 {[%emt 0:02:57]} 25. Rxg7+ {[%emt 0:02:56]} Kxg7 {[%emt 0:00:04]} 26. dxc5+ {[%emt 0:00:09]} Rf6 {[%emt 0:01:10]} 27. b4 {[%emt 0:04:41]} Qe6 {[%emt 0:03:40]} 28. Qc3 {[%emt 0:01:20]} Qf5 {[%emt 0:02:27]} 29. Qe3 {[%emt 0:00:58]} Ne6 {[%emt 0:01:22]} 30. Bxf6+ {[%emt 0:01:57]} Qxf6 {[%emt 0:00:10]} 31. Re1 {[%emt 0:00:46]} Re8 {[%emt 0:10:22]} 32. c3 {[%emt 0:00:15]} Nc7 {[%emt 0:01:53]} 33. Qd2 {[%emt 0:00:06]} Rxe1+ {[%emt 0:00:17]} 34. Qxe1 {[%emt 0:00:02]} a6 {[%emt 0:00:23]} 35. Qe3 {[%emt 0:00:47]} Kf7 {[%emt 0:01:29]} 36. Qh3 {[%emt 0:02:02]} Ne6 {[%emt 0:01:04]} 37. c6 {[%emt 0:00:53]} Qf4 {[%emt 0:01:46]} 38. Qd3 {[%emt 0:01:15]} Qc4 {[%emt 0:01:07]} 39. Qf3+ {[%emt 0:01:08]} Ke7 {[%emt 0:00:27]} 40. Qg3 {[%emt 0:00:48]} g5 {[%emt 0:00:23]} 41. b5 {[%emt 0:00:47]} axb5 {[%emt 0:00:11]} 42. axb5 {[%emt 0:00:07]} Qxb5 {[%emt 0:00:52]} 43. c7 {[%emt 0:00:06]} Qb1+ {[%emt 0:00:09]} 44. Kh2 {[%emt 0:00:12]} Qb7 {[%emt 0:00:04]} 45. Qe5 {[%emt 0:00:26]} Qxc7 {[%emt 0:00:10]} 46. Qxc7+ {[%emt 0:00:30]} Nxc7 {[%emt 0:00:04]} 47. Kg3 {[%emt 0:00:05]} Nb5 {[%emt 0:00:08]} 48. Kg4 {[%emt 0:00:07]} Kf6 {[%emt 0:00:13]} 49. f4 {[%emt 0:00:15]} Nxc3 {[%emt 0:02:38]} 50. fxg5+ {[%emt 0:00:07]} Kg6 {[%emt 0:00:07]} 51. Kf4 {[%emt 0:00:28]} d4 {[%emt 0:00:36]} 52. Kf3 {[%emt 0:00:19]} Kxg5 {[%emt 0:00:07]} 53. g4 {[%emt 0:02:18]} Nb5 {[%emt 0:00:31]} 54. Kg3 {[%emt 0:00:18]} Na7 {[%emt 0:00:13]} 55. Kf3 {[%emt 0:00:08]} Nc6 {[%emt 0:00:05]} 56. Kg3 {[%emt 0:00:56]} Ne5 {[%emt 0:00:05]} 0-1

[Event "CZE-ch Amateurs 2022"]
[Site "Luhacovice"]
[Date "2022.03.15"]
[Round "5.8"]
[White "Nemec, Pavel"]
[Black "Tresnak, Filip"]
[Result "1-0"]
[WhiteElo "2223"]
[BlackElo "1931"]
[Annotator "RC"]
[PlyCount "59"]
[EventDate "2022.03.12"]
[EventType "swiss"]
[EventCountry "CZE"]
[SourceTitle "playchess.com"]
[Source "ChessBase"]
[SourceQuality "1"]
[TimeControl "5400+30"]

1. e4 {[%emt 0:00:04]} e6 {[%emt 0:00:28]} 2. d4 {[%emt 0:00:18]} c5 {[%emt 0:00:08]} 3. d5 {[%emt 0:02:17]} exd5 {[%emt 0:00:07]} 4. exd5 {[%emt 0:00:06]} d6 {[%emt 0:00:05]} 5. Nf3 {[%emt 0:00:39]} Nf6 {[%emt 0:00:26]} 6. Be2 {[%emt 0:00:31]} g6 {[%emt 0:00:11]} 7. O-O {[%emt 0:03:57]} Bg7 {[%emt 0:02:35]} 8. Bb5+ {[%emt 0:00:18]} Bd7 {[%emt 0:01:10]} 9. Re1+ {[%emt 0:00:08]} Kf8 {[%emt 0:00:16]} 10. Bf1 {[%emt 0:02:35]} h6 {[%emt 0:03:50]} 11. Bf4 {[%emt 0:06:20]} Ne8 {[%emt 0:04:07]} 12. Nc3 {[%emt 0:01:05]} Na6 {[%emt 0:03:44]} 13. Nd2 {[%emt 0:09:57]} Bxc3 {[%emt 0:05:11]} 14. bxc3 {[%emt 0:00:03]} Qf6 {[%emt 0:00:34]} 15. Bg3 {[%emt 0:00:59]} Bf5 {[%emt 0:04:34]} 16. Rb1 {[%emt 0:04:22]} Nac7 {[%emt 0:03:05]} 17. Rxb7 {[%emt 0:03:02]} Nxd5 {[%emt 0:00:25]} 18. Bc4 {[%emt 0:06:27]} Ndc7 {[%emt 0:05:17]} 19. Ne4 {[%emt 0:05:50]} Bxe4 {[%emt 0:03:06]} 20. Rxe4 {[%emt 0:00:02]} Rh7 {[%emt 0:03:52]} 21. Rxc7 {[%emt 0:03:55]} Nxc7 {[%emt 0:00:19]} 22. Bxd6+ {[%emt 0:00:07]} Kg8 {[%emt 0:00:47]} 23. Bxc7 {[%emt 0:00:07]} Qxc3 {[%emt 0:03:49]} 24. h3 {[%emt 0:03:30]} Rc8 {[%emt 0:01:39]} 25. Qd7 {[%emt 0:01:13]} Qa1+ {[%emt 0:00:42]} 26. Kh2 {[%emt 0:00:08]} Rf8 {[%emt 0:00:32]} 27. Be5 {[%emt 0:02:07]} Qc1 {[%emt 0:00:45]} 28. Qd6 {[%emt 0:02:00]} Qg5 {[%emt 0:01:09]} 29. Rg4 {[%emt 0:02:24]} Qf5 {[%emt 0:00:28]} 30. Rxg6+ {[%emt 0:00:26]} 1-0